|
|
|
|
| LEADER |
00000nam0a2200000 4500 |
| 001 |
143617 |
| 005 |
20231101221036.0 |
| 010 |
|
|
|a 5852553905
|
| 020 |
|
|
|a RU
|b 93-22663
|
| 035 |
|
|
|a (RuTPU)RU\TPU\book\155640
|
| 090 |
|
|
|a 143617
|
| 100 |
|
|
|a 20080922d1993 m y0rusy5003 ca
|
| 101 |
0 |
|
|a rus
|
| 102 |
|
|
|a RU
|
| 105 |
|
|
|a a z 000ay
|
| 200 |
1 |
|
|a Избранное
|f В. И. Лихоносов
|g худож. Е. Сапожкова
|
| 210 |
|
|
|a Москва
|c Терра
|d 1993
|
| 215 |
|
|
|a 668,[2] с.
|c ил.
|d 20 см
|
| 225 |
1 |
|
|a Литература
|
| 464 |
|
|
|t Наш маленький Париж
|o роман
|
| 464 |
|
|
|t Привет из старой Москвы
|
| 600 |
|
1 |
|a Домбровский
|b Ю. О.
|c русский писатель
|c прозаик
|f 1909-1978
|g Юрий Осипович
|2 stltpush
|3 (RuTPU)RU\TPU\pers\14776
|9 4954
|
| 610 |
1 |
|
|a советская литература
|
| 610 |
1 |
|
|a романы
|
| 610 |
1 |
|
|a рассказы
|
| 675 |
|
|
|a Р2
|z rus
|
| 700 |
|
1 |
|a Лихоносов
|b В. И.
|c русский писатель
|f 1936-
|g Виктор Иванович
|2 stltpush
|3 (RuTPU)RU\TPU\pers\36338
|9 19410
|
| 702 |
|
1 |
|a Сапожкова
|b Е.
|4 440
|
| 801 |
|
0 |
|a RU
|b RuMRKP
|c 19950413
|g psbo
|
| 801 |
|
1 |
|a RU
|b 63413507
|c 20080922
|g PSBO
|
| 801 |
|
2 |
|a RU
|b 63413507
|c 20160311
|g PSBO
|
| 942 |
|
|
|c BK
|